Statistics for Guess the lyrics (#38)

Click here to take the quiz!

General Stats

  • This quiz has been taken 167 times
  • The average score is 36 of 98

Answer Stats

Answer% Correct
a
97%
a
97%
a
97%
a
97%
a
97%
a
97%
A
97%
a
97%
I
97%
I
97%
the
94%
the
94%
you
86%
is
73%
is
73%
is
73%
your
73%
love,
65%
my
65%
my
65%
I'm
57%
I'm
57%
If
56%
It's
55%
It's
55%
It's
55%
It's
55%
It's
55%
It's
55%
just
47%
just
47%
just
47%
just
47%
just
47%
just
47%
like
47%
don't
46%
see
41%
get
40%
some
36%
yeah
36%
or
35%
our
34%
life
31%
life
31%
way
27%
gonna
24%
gonna
24%
away
23%
away
23%
away
23%
away
23%
away
23%
away
23%
away
23%
away
23%
storm
23%
kiss
17%
kiss
17%
very
17%
very
17%
very
17%
today
15%
today
15%
today
15%
Gimme
14%
gimme
14%
Ooh
14%
Ooh
14%
ooh
14%
shelter
14%
shelter
14%
Mad
13%
shot
13%
shot
13%
shot
13%
shot
13%
tell
11%
lost
10%
children
9%
fade
9%
fade
9%
red
9%
War,
9%
fire
8%
murder
7%
Rape,
7%
threatening
7%
threatening
7%
bull
6%
street
6%
Burns
4%
carpet
4%
coal
4%
flood
4%
Mmm
4%
sister
4%
sweeping
4%

Score Distribution

Percentile by Number Answered

Percent of People with Each Score

Your Score History

You have not taken this quiz